LASK Kader 2024/25 - Statistiken

Allgemein
  • Dieses Quiz wurde 31 mal gespielt
  • Das Durchschnittsergebnis liegt bei 14 aus 27
Antwortstatistiken
Hint Antwort % Korrekt
Tor Tobias Lawal
91%
Verteidigung George Bello
86%
Mittelfeld Sascha Horvath
86%
Verteidigung Andres Andrade
82%
Sturm Moses Usor
73%
Mittelfeld Florian Flecker
68%
Verteidigung Philipp Ziereis
68%
Mittelfeld Robert Zulj
68%
Tor Jörg Siebenhandl
64%
Sturm Maximilian Entrup
64%
Mittelfeld Branko Jovicic
55%
Verteidigung Filip Stojkovic
55%
Verteidigung Jerome Boateng
55%
Mittelfeld Ivan Ljubic
45%
Verteidigung Rene Renner
45%
Verteidigung Hrvoje Smolcic
41%
Sturm Ibrahim Mustapha
41%
Sturm Lenny Pintor
41%
Sturm Marin Ljubicic
41%
Mittelfeld Melayro Bogarde
41%
Mittelfeld Valon Berisha
41%
Sturm Adil Taoui
36%
Sturm Alexis Tibidi
36%
Verteidigung Maksym Talovierov
27%
Verteidigung Tomas Tavares
27%
Trainer Thomas Darazs
23%
Sturm Lucas Copado
14%
Keine übereinstimmenden Quizze gefunden
Verteilung der Resultate
Anzahl Personen mit jedem Resultat
Perzentil nach korrekt beantworteten Fragen
Ihre Resultats-Entwicklung
Sie haben dieses Quiz noch nicht gespielt